| 000 | 00712nam a22002177a 4500 | ||
|---|---|---|---|
| 999 |
_c20909 _d20909 |
||
| 003 | AR-CdUCM | ||
| 008 | 190402b ||||| |||| 00| 0 spa d | ||
| 040 |
_aMUNICIPALIDAD PROVINCIAL DEL CUSCO _cBIBLIOTECA MUNICIPAL DEL CUSCO |
||
| 082 |
_aEP / 376.16 / _bR36 |
||
| 110 |
_aMaravillas Eva _943634 |
||
| 245 | _aLa reina ratita / | ||
| 260 |
_bVasco Americana, _aEspaña : _c1947. |
||
| 300 |
_bIlustraciones, _c34 cm. |
||
| 440 |
_aColección maravillas Eva _n5 _943635 |
||
| 500 | _aEl texto no contiene numeración. | ||
| 505 | _aContenido : La reina ratita -- El niño que escribió un cuento. | ||
| 650 |
_a Literatura infantil _9588 |
||
| 650 |
_aCuentos. _9217 |
||
| 942 |
_2ddc _cLIBROS |
||
| 945 | _arcc | ||